00815nam a2200229 a 4500008004100000020002300041100002200064245011100086260004200197300002700239440003900266440005800305440005900363504004100422500002000463650002800483650002700511700002000538003000100558005001700559040000900576  a1555426417 (cased) aGuzzo, Richard A.00aTeam effectiveness and decision making in organizations /cRichard A. Guzzo, Eduardo Salas and Associates. aSan Francisco :bJossey-Bass,cc1995. axxiv, 414 p. ;c24 cm. 4aThe Jossey-Bass management series. 4aThe Jossey-Bass social and behavioral science series. 0aFrontiers of industrial and organizational psychology. aIncludes bibliographical references. aIncludes index. 0aTeams in the workplace. 0aGroup decision making.1 aSalas, Eduardo.20230123133337.0 cNUST